LDR 00593naa#a2200169#i#450# 001 EN\\bibl\121778 005 20260606182359.6 011 ## _a2073-0454 100 ## _a20260226b2026####ek#y0engy0150####ca 102 ## _aRU 200 1# _aUnified theory of interests in law: the main provisions _eJournal article 210 1# _aMoscow _cMoscow University of the Ministry of Internal Affairs of Russia named after V.Ya. Kikot _d2026 215 ## _a7 с. 608 ## _aJournal article _2local 675 ## _aПраво. Юридические науки. 34 _z 700 #1 _aSharov _gDenis Vasil'evich 856 4# _amosumvd.editorum.ru _u